000 00639nam a2200241Ia 4500
003 OSt
005 20221002052416.0
006 a|||||r|||| 00| 0
007 ta
008 220930b |||||||| |||| 00| 0 eng d
024 _a44796
037 _cReference Collections
040 _aCRL
_cCRL
_beng
041 _2eng
_aeng
082 _aP.1, L5(RR)
100 _aKatzner kenneth
_9323557
245 0 _aLanguages of the world
260 _aNew York
_bFunk & Wagnalis
_c1975
300 _a374p
_ccm.
650 _aLINGUISTICS
942 _hP.1, L5(RR)
_cref
_2CC
999 _c919473
_d919473